Most Populated City in Each County in California - Statistics

General Stats
  • This quiz has been taken 62 times
  • The average score is 31 of 58
Answer Stats
County City Pop. City % Correct
Los Angeles 3,990,456 Los Angeles
98%
San Diego 1,423,851 San Diego
98%
San Francisco 815,201 San Francisco
98%
Sacramento 525,041 Sacramento
96%
Kern 407,615 Bakersfield
94%
Fresno 544,510 Fresno
94%
Alameda 433,823 Oakland
94%
San Bernardino 222,203 San Bernardino
94%
Santa Clara 983,489 San Jose
94%
Riverside 317,261 Riverside
92%
San Luis Obispo 47,545 San Luis Obispo
88%
San Joaquin 322,120 Stockton
85%
Orange 345,940 Anaheim
83%
Napa 78,818 Napa
83%
Shasta 93,462 Redding
81%
San Mateo 102,200 San Mateo
81%
Stanislaus 218,771 Modesto
77%
Santa Cruz 61,950 Santa Cruz
77%
Humboldt 26,489 Eureka
75%
Merced 89,308 Merced
75%
Sutter 69,536 Yuba City
73%
Butte 102,338 Chico
69%
Ventura 201,879 Oxnard
67%
Sonoma 176,938 Santa Rosa
67%
Madera 67,944 Madera
63%
Monterey 162,791 Salinas
63%
Santa Barbara 109,711 Santa Maria
63%
Tulare 142,978 Visalia
58%
Imperial 44,158 El Centro
54%
Marin 60,769 San Rafael
54%
Del Norte 6,676 Crescent City
52%
Mariposa 1,159 Mariposa
52%
Solano 124,886 Vallejo
52%
Siskiyou 7,826 Yreka
46%
Placer 151,901 Roseville
40%
Mendocino 16,728 Ukiah
40%
El Dorado 21,414 South Lake Tahoe
38%
Lassen 16,315 Susanville
38%
Nevada 17,168 Truckee
38%
Contra Costa 124,074 Concord
35%
Colusa 6,428 Colusa
33%
Inyo 3,820 Bishop
31%
Kings 58,496 Hanford
31%
Mono 7,271 Mammoth Lakes
29%
Tehama 14,588 Red Bluff
25%
Modoc 2,692 Alturas
23%
Lake 16,777 Clearlake
23%
San Benito 43,346 Hollister
23%
Tuolumne 5,004 Sonora
19%
Alpine 187 Markleeville
17%
Trinity 3,308 Weaverville
17%
Yuba 21,842 Linda
13%
Calaveras 3,758 Angel's Camp
10%
Amador 5,323 Ione
10%
Glenn 8,322 Orland
10%
Sierra 753 Loyalton
8%
Plumas 2,083 Portola
6%
Yolo 66,799 David
4%
No matching quizzes found
Score Distribution
Percent of People with Each Score
Percentile by Number Answered
Your Score History
You have not taken this quiz